Quizzes
Events
Quiz Creation
Community
Videos
Private Events
Remove Ads
Sign In
Join for FREE
Feedback
Dark Mode
Quiz Categories
Sports
Geography
Music
Movies
Television
Just For Fun
Miscellaneous
History
Literature
Language
Science
Gaming
Entertainment
Religion
Holiday
For Kids
Quiz Lab
Recent
Popular Today
Quiz Kudos Today
Editor Picks
Curator Picks
Quizzes by...
Day
Popularity
Type
Ratings
Length
Year
Community
Subscriptions
Recent Discussions
Orange Saloon
Badges
Playlists
Quests
Create
Leaderboards
Showdown
Live 5
Trivia Bingo
Activity
Puzzle Library
Sporcle Events
Private Events
Virtual Trivia
Globe League
Become a Host
Pub Owners
SporcleCon
Opinionation
Our Games
Videos
Blog
Mobile Apps
Partnerships
Remove Ads and Go Orange
Feedback
Science
Computer
Plants
Astronomy
Chemistry
Elements
Math
Animal
Physics
Anatomy
Biology
Geology
General Science
Science
Computer
Plants
Astronomy
Chemistry
Elements
Math
Animal
Physics
Anatomy
Biology
Geology
General Science
Random Quiz
Search Sporcle
×
Quiz Lab
Quiz Lab
Science
Medicine
Type in answers that appear in a list
Type in answers that appear in a list
Classic
Best Score? Go Orange.
Antibiotics Stats
Can you name the antibiotic?
By
samcharkham
20m
41 Questions
46 Plays
46 Plays
46 Plays
Comments
Comments
Give Quiz Kudos
Give Quiz Kudos
-
- Ratings
hide this ad
Forced Order
Answers have to be entered in order
Answers have to be entered in order
Random Order
Randomize order of answers
Randomize order of answers
Replay
Link that replays current quiz
Next Quiz
Link to next quiz in quiz playlist
You Got
0%
They Got
Avg Score
7%
Avg Friend Score
Upgrade to see
Score Distribution
Jump to the score distribution portion of the page
Score
0/41
Timer
20:00
0
Plays Today
Bacteria
Treatment
% Correct
MRSA
Vancomycin
58.7%
C.diff
Metronidazole
43.5%
C.diff
Vancomycin
41.3%
Strep. pneumoniae
Amoxicillin
15.2%
Neisseria meningitidis
Ceftriaxone
13%
Bordetella pertussis
Erythromycin
10.9%
MRSA
Linezolid
10.9%
Enterococcus
Vancomycin
10.9%
Neisseria gonorrhoae
Cefixime
8.7%
H.influenzae
Amoxicillin
8.7%
H.influenzae (meningitis)
Ceftriaxone
8.7%
Psedomonoas aeruginosa
Ciprofloxacin
8.7%
Psedomonoas aeruginosa
Gentamycin
8.7%
Group A strep pyogenes
Penicillin V
6.5%
Group A strep pyogenes
Amoxicillin
6.5%
Klebisiella pneumoniae
Ciprofloxacin
4.3%
Enterobacter
Amoxicillin
4.3%
Staph. epidermis
Flucloxacillin
4.3%
Viridans streptococci
Benzyl-penicillin (IV)
4.3%
Group A strep pyogenes
Benzyl-penicillin
4.3%
Group B strep agalactiae
Amoxicillin
4.3%
Bacteria
Treatment
% Correct
H.influenzae
Co-amoxiclav
2.2%
E.coli
Ciprofloxacin
2.2%
MSSA
Flucloxacillin
2.2%
Enterococcus
Amoxicillin
2.2%
Neisseria meningitidis
Cefataxime
0%
H.influenzae
Cefuroxime
0%
Moraxella catarrhalis
Co-amoxiclav
0%
Moraxella catarrhalis
Cefuroxime
0%
E.coli
Trimethroprim
0%
E.coli
Co-amoxiclav
0%
Klebisiella pneumoniae
Co-amoxiclav
0%
Enterobacter
Trimethoprim
0%
Enterobacter
Ciprofloxaccin
0%
Bacillus
Penicillin
0%
MSSA
Erythromycin
0%
Strep. pneumoniae
Levofloxacin
0%
Strep.pneumoniae
Benzyl-penicillin (IV)
0%
Staph. epidermis
Nitrofurantoin
0%
Viridans streptococci
Gentamycin
0%
Group B strep agalactiae
Benzyl-penicillin & gentamicin
0%
Quiz Playlist
Details
Report
Send in Message
Add To Playlist
Classic:
Type in answers that appear in a list
Forced Order:
Answers have to be entered in order
Random Order:
Randomize order of answers
Last Updated: Feb 16, 2017
Quiz Scoreboard
CHALLENGE
Sign Up to Join the Scoreboard
Show All
Scores
Hide
Comments
May contain spoilers
Recently Published
Movies - When Are They Set?
by FPL_Elf
Movies
5m
Popular People in 1961
by mucciniale
History
6m
1-10 Letter E Words III
by El_Dandy
Language
2m
More to Explore
Quiz From the Vault
Featured Blog Post
Where Did the Easter Bunny Come From?
hide this ad
You Might Also Like...
Tags
Bacteria
bristol
Bristol University
Medicine
Revision
Today's Top Quizzes in Science
Browse Science
hide this ad
Today's Top Quizzes in Medicine
Browse Medicine
Top Contributed Quizzes in Science
1
Quick Pick: 'CI-CJ' Animals
2
Elements In Images
3
One Thing in Common: Science
4
Count to 60
5
One Thing in Common: Science III
6
Quick Pick: Radians
7
Square Numbers Scrambled (1-50)
8
One Thing in Common: Science II
9
Sporcle Puzzle Hunt: Science
10
One Thing in Common: Animals
Explore More
Trending Topics
NBA
Disney
Anime
Crossword
Marvel
Harry Potter
Kpop
WWE
The Office
Puzzle
Country
NFL
Song
Soccer
Pokémon
hide this ad
More By:
samcharkham
Quiz
Plays
Rating
Category
Featured
Created
Swahili Verbs
311
Language
Dec 20, 2014
Antibiotic Groups
78
Science
Jun 8, 2011
Antibiotics
46
Science
Jun 8, 2011
Tort Lecture Cases
40
Miscellaneous
May 20, 2011
Tort Lecture CasesII
36
Miscellaneous
Jan 13, 2011
Go to Creator's Profile
Score Distribution
Quiz Creator Spotlight
samcharkham
Follow
Send a Message
Quizzes Created
-
Created Quiz Play Count
-
More By This Creator
Popular Quizzes Today
1
Find the Countries of Europe - No Outlines Minefield
2
Find the US States - No Outlines Minefield
3
The Countries of the World
4
Popular People in 1961
5
US States
6
1-10 Letter E Words III
7
Find the US States
8
One Thing in Common: World Cities II
More Science Quizzes
Plant Rings
Quiz Lab
Trending Quizzes
Risky Map Clicking: Least Populous States A-Z
1-10 Letter F Words
1-10 Letter G Words
One Thing in Common: United Kingdom
Risky Map Clicking: Next State Alphabetically
Recently Updated
Leaping Animals
pecheneg
Reality TV Shows (A-Z)
bhenderson79
Rickey Henderson's Hall of Fame Teammates
pecheneg
Champions League XIs: Arsenal
pecheneg
Quick Pick: Celebrities in WWE's Hall of Fame
aduchscher
A-Z Keypad Blitz II
pecheneg
Multiple Oscar Actors
pecheneg
Mystery Phrase Blitz: Oscar 'Best Actors'
pecheneg
F. Scott Fitzgerald Novels
LTH
Pick 3 Villains
ddd62291
Trending Topics
Marvel
Crossword
Anime
NBA
Disney
Harry Potter
Kpop
Country
Soccer
Puzzle
Song
NFL
The Office
Pokémon
WWE
Your Account Isn't Verified!
In order to create a playlist on Sporcle, you need to verify the email address you used during registration. Go to your
Sporcle Settings
to finish the process.
Report this User
Report this user for behavior that violates our
Community Guidelines
.
Details:
Send Report
Go to the Sporcle.com Mobile Site →
Comments